| 000 | 00941pam a2200241 a 4500 | ||
|---|---|---|---|
| 001 | 4450806 | ||
| 005 | 20221117140110.0 | ||
| 008 | 950427s1996 njua b 001 0 eng | ||
| 010 | _a 95011113 | ||
| 020 | _a0132114674 | ||
| 040 |
_aDLC _cDLC _dDLC |
||
| 050 | 0 | 4 |
_aTA1632 _b.C37 1996 |
| 082 | 0 | 0 |
_a621.367,CAS _220 |
| 100 | 1 |
_aCastleman, Kenneth R. _983281 |
|
| 245 | 1 | 0 |
_aDigital image processing / _cKenneth R. Castleman. |
| 260 |
_aEnglewood Cliffs, N.J. : _bPrentice Hall, _cc1996. |
||
| 300 |
_axviii, 667 p. : _bill. ; _c25 cm. |
||
| 505 | _aPart 1: Images and Digital Processing (Page-1), Part v2; Linear Systems Theory (Page-143), Part 3; Image Restoration (Page-387). | ||
| 650 | 0 |
_aImage processing _xDigital techniques. _9673 |
|
| 906 |
_a7 _bcbc _corignew _d1 _eocip _f19 _gy-gencatlg |
||
| 942 |
_2ddc _cBK |
||
| 999 |
_c592362 _d592362 |
||